000089016 001__ 89016
000089016 005__ 20200514105021.0
000089016 037__ $$aTAZ-TFG-2019-602
000089016 041__ $$aspa
000089016 1001_ $$aCebollada Bueno, Sofía
000089016 24200 $$aFormative program for nursing professionals on the Chronic Fatigue Syndrome.
000089016 24500 $$aPrograma de formación destinado a profesionales de enfermería sobre el síndrome de fatiga crónica.
000089016 260__ $$aZaragoza$$bUniversidad de Zaragoza$$c2019
000089016 506__ $$aby-nc-sa$$bCreative Commons$$c3.0$$uhttp://creativecommons.org/licenses/by-nc-sa/3.0/
000089016 520__ $$aEl síndrome de fatiga crónica es una enfermedad crónica y compleja que se caracteriza, no solo por la presencia de una fatiga física y mental limitante, sino también por los numerosos síntomas asociados. A pesar de la existencia de unos criterios diagnósticos, se carece de biomarcadores específicos, por lo que el diagnóstico es clínico y por exclusión de otras patologías. En la actualidad, tampoco existe un tratamiento curativo ni especifico que modifique de manera significativa los niveles de fatiga del paciente, sin embargo, destacan la psicoterapia y la realización de ejercicio progresivo como las alternativas terapéuticas más eficaces. Todo esto, junto con la ausencia de una hipótesis final acerca de su etiología, contribuye al desconocimiento y al poco reconocimiento de la enfermedad.Se ha realizado una amplia búsqueda bibliográfica en distintas bases de datos, buscadores y páginas web para actualizar los conocimientos sobre el síndrome de fatiga crónica y elaborar un programa de formación dirigido a profesionales de enfermería.<br />
000089016 521__ $$aGraduado en Enfermería
000089016 540__ $$aDerechos regulados por licencia Creative Commons
000089016 700__ $$aPérez Sanz, José Raúl$$edir.
000089016 7102_ $$aUniversidad de Zaragoza$$bFisiatría y Enfermería$$cEnfermería
000089016 8560_ $$f720349@celes.unizar.es
000089016 8564_ $$s1354384$$uhttps://zaguan.unizar.es/record/89016/files/TAZ-TFG-2019-602.pdf$$yMemoria (spa)
000089016 8564_ $$s1354384$$uhttps://zaguan.unizar.es/record/89016/files/TAZ-TFG-2019-602_ANE.pdf$$yAnexos (spa)
000089016 909CO $$ooai:zaguan.unizar.es:89016$$pdriver$$ptrabajos-fin-grado
000089016 950__ $$a
000089016 951__ $$adeposita:2020-05-13
000089016 980__ $$aTAZ$$bTFG$$cEUCS
000089016 999__ $$a20190518143632.CREATION_DATE